000 00275nam a22001217a 4500
999 _c169917
_d169917
082 _a
_b
245 _aFeminism and women's writing/
_cby Nimavat B S (ed.).
260 _a
_bSunrise,
_c2009.
300 _a212p.
650 _a
700 _aNimavat B S (ed.)
942 _cBK